000 01034nam a2200265 i 4500
001 bg
003 BPK
005 20151130104418.0
008 991125s1995 us a f 000 0 eng d
020 _a0131021601 (pbk)
040 _cBPK
100 1 _aBrown, H. Douglas
_d(1941- ).
245 0 0 _aReadings on Second Language Acquisition /
_cH. Douglas Brown and Susan T. Gonzo.
260 _aEnglewood Cliffs :
_bPrentice Hall Regents,
_ccop. 1995.
300 _aXII, [2], 490 s. :
_bil. ;
_c24 cm.
490 1 _aBrown Library of Foreign and Second Language Learning and Teaching
504 _aBibliogr. przy rozdz.
650 9 _aLanguage acquisition
650 9 _aLanguage and languages
_xStudy and teaching
700 1 _aGonzo, Susan.
710 2 _4pbl.
_aPrentice Hall Regents.
830 0 _aBrown Library of Foreign and Second Language Learning and Teaching
942 _cKS
_2UKD
856 _uhttp://koha.tu.koszalin.pl/cgi-bin/koha/opac-detail.pl?biblionumber=48186
_yKatalog online BPK
999 _c48186
_d48186